00000000nam##2200000za#4500
0019.699311
003CaOODSP
00520210625000325
007cr |||||||||||
008150407|1986||||xxc|||||o    f|0| 0 eng|d
040 |aCaOODSP|beng
043 |an-cn---
0861 |aEn108-4/71-1986-1E-PDF
1101 |aCanada.|bCanadian Council of Ministers of the Environment.
24510|aControlling PCBs : |h[electronic resource]|bthe nature of the problem / |c[issued by] Canadian Council of Resource and Environment Ministers.
260 |aToronto - Ontario : |bCanadian Council of Ministers of the Environment |c[1986].
300 |a2p.
500 |a"First in a series"-p.1 of 2.
590 |a14-21-Supp|b2014-12-11
69007|aHazardous waste|2gcpds
77508|tLa lutte contre les BPC : |w(CaOODSP)9.643298
85640|ahttp://publications.gc.ca|qPDF|s413 KB|uhttps://publications.gc.ca/collections/collection_2014/ec/En108-4-71-1986-1-eng.pdf